The policy process : (Registro nro. 18013)
[ vista simple ]
| 000 -CABECERA | |
|---|---|
| Campo de control | 01944cam a22002894a 4500 |
| 005 - FECHA Y HORA DE LA ULTIMA TRANSACCION | |
| Campo de control | 20180803170214.0 |
| 008 - ELEMENTOS DE LONGITUD FIJA—INFORMACION GENERAL | |
| Campo de control | 010823s2002 ctu b 001 0 eng |
| 020 ## - ISBN | |
| ISBN | 0300090110 (cloth : alk. paper) |
| 020 ## - ISBN | |
| ISBN Cancelado/ Invalidado | 0300090129 (pbk.) |
| 040 ## - FUENTE DE CATALOGACIÓN | |
| Agencia catalogadora original | DLC |
| Agencia transcriptora | DLC |
| Agencia Modificadora | DLC |
| 041 ## - IDIOMA | |
| Código de idioma para texto/pista de sonido o título separado | Inglés |
| 042 ## - AUTHENTICATION CODE | |
| Authentication code | pcc |
| 082 00 - NUMERO DE CLASIFICACION DECIMAL DEWEY | |
| Número de clasificación | 333.72 |
| Número del ítem | C59t |
| 100 1# - ASIENTO PRINCIPAL--NOMBRE PERSONAL | |
| Nombre personal | Clark, Susan G., |
| Fechas asociadas con el nombre | 1942- |
| 9 (RLIN) | 53470 |
| 245 14 - MENCION DE TITULO | |
| Título | The policy process : |
| Parte restante del título | a practical guide for natural resources professionals / |
| Mención de responsabilidad | Susan G. Clark. |
| 260 ## - PUBLICACION, DISTRIBUCION, ETC. (PIE DE IMPRENTA) | |
| Lugar de publicación, distribución, etc. | New Haven : |
| Nombre del editor, distribuidor, etc. | Yale University Press, |
| Fecha de publicación, distribución, etc. | c2002. |
| 300 ## - DESCRIPCION FISICA | |
| Extensión | xii, 215 p. ; |
| Dimensiones | 25 cm. |
| 504 ## - NOTA DE BIBLIOGRAFIA, ETC. | |
| Nota de bibliografía | Includes bibliographical references (p. 191-206). |
| 505 8# - NOTA DE CONTENIDO | |
| Nota de contenido | Machine generated contents note: Chapter 1. Introduction: Professional Challenges 1 -- Chapter 2. Fundamentals: A View of Individuals and Society 17 -- Chapter 3. Social Process: Mapping the Context 32 -- Chapter 4. Decision Process: Clarifying and Securing the Common Interest 56 -- Chapter 5. Problem Orientation: Focusing on Problems to Find Solutions 85 -- Chapter 6. Policy-Oriented Professionalism: A Unique Standpoint 111 -- Chapter 7. Policy Analysis and Multiple Methods 127 -- Chapter 8. Natural Resources, Human Rights, and Policy Learning 153 -- Appendix. Interdisciplinary, Problem-Solving Workshops for Natural Resource Professionals, Tim W. Clark, Robert J. Begg, and -- Kim W. Lowe 173 -- Literature Cited 191. |
| 650 #0 - ASIENTO SECUNDARIO DE MATERIA - TERMINO TEMATICO | |
| Término temático o nombre geográfico como elemento de entrada | Conservation of natural resources |
| Subdivisión general | Decision making. |
| 9 (RLIN) | 53471 |
| 650 #0 - ASIENTO SECUNDARIO DE MATERIA - TERMINO TEMATICO | |
| Término temático o nombre geográfico como elemento de entrada | Politica |
| 9 (RLIN) | 53472 |
| 650 #0 - ASIENTO SECUNDARIO DE MATERIA - TERMINO TEMATICO | |
| Término temático o nombre geográfico como elemento de entrada | Medio ambiente |
| 9 (RLIN) | 92195 |
| 856 41 - LOCALIZACION Y ACCESO ELECTRONICOS | |
| Especificación de los materiales | Table of contents |
| Identificador Uniforme del Recurso | http://www.loc.gov/catdir/toc/fy032/2001046637.html |
| 906 ## - LOCAL DATA ELEMENT F, LDF (RLIN) | |
| a | 7 |
| b | cbc |
| c | orignew |
| d | 1 |
| e | ocip |
| f | 20 |
| g | y-gencatlg |
| 942 ## - ELEMENTOS ADICIONALES (KOHA) | |
| Sistema de clasificación | Dewey Decimal Classification |
| Tipo de ítem | Artículo |
| Withdrawn status | Lost status | Sistema de Clasificación | Damaged status | No para préstamo | Colección | Inventariado | Ubicación Permanente | Ubicación actual | Fecha de adquisición | Fuente de Valor | Total Checkouts | Número topográfico | Inventario / Código de Barras | Date last seen | Ejemplar | Price effective from | Forma de adquisición | Tipo de material |
|---|---|---|---|---|---|---|---|---|---|---|---|---|---|---|---|---|---|---|
| Dewey Decimal Classification | General | Inventariado 2017 | Bogotá | Bogotá | 21/01/2016 | Donación | LB-333.72 C59t | 039595 | 21/01/2016 | Ej. 1 | 21/01/2016 | Libro |